[Event "CZE-tht Extraliga 2018-19"]
[Site "Czech Republic"]
[Date "2018.12.01"]
[Round "3"]
[White "Votava, Jan"]
[Black "Hollan, Martin"]
[Result "1-0"]
[WhiteElo "2531"]
[BlackElo "2374"]
[Annotator "TA"]
[PlyCount "61"]
[EventDate "2018.11.03"]
[EventType "team-tourn"]
[EventCountry "CZE"]
[SourceTitle "playchess.com"]
[Source "ChessBase"]
[SourceQuality "1"]
[WhiteTeam "Pardubice"]
[BlackTeam "Cesky Tesin"]

{[%evp 25,61,0,32,23,182,172,199,195,179,181,189,194,233,233,233,231,227,224,232,225,370,377,370,363,368,368,486,487,482,476,471,460,560,737,777,767,724,711]} 1. d4 Nf6 2. c4 e6 3. Nf3 d5 4. g3 Be7 5. Bg2 O-O 6. O-O dxc4 7. Qc2 a6 8. a4 Bd7 9. Qxc4 Bc6 10. Bg5 Nbd7 11. Nc3 h6 12. Bxf6 {E05: Open Catalan: 5 Nf3 Be7} Nxf6 13. Rfe1 {[%cal Bf1e1,Be1e2,Be2e6][%mdl 32]} (13. b4 Bd5 14. Nxd5 exd5 15. Qb3 c6 16. e3 Ne4 17. Rfc1 Bf6 18. Rab1 Re8 19. b5 axb5 20. axb5 Qd7 21. bxc6 bxc6 {½-½ (60) Xiong,J (2656)-Wang,H (2722) Douglas 2018}) 13... Ne4 {LiveBook: 5 Games} (13... Bd5 {with more complications.} 14. Qd3 Bxf3 15. Bxf3 c6 16. Red1 Qa5) 14. Ne5 {White is slightly better.} Nxc3 $2 (14... Nd2 $11 {and Black stays safe.} 15. Qd3 Bxg2) 15. Bxc6 $18 ({Stronger than} 15. Qxc3 Bxg2 16. Kxg2 c5 $11) ({Inferior is} 15. Nxc6 Nxe2+ 16. Rxe2 (16. Qxe2 bxc6 17. Bxc6 Rb8 $11) 16... bxc6 $11) 15... Nxe2+ 16. Rxe2 ({Don't play} 16. Qxe2 $6 bxc6 17. Nxc6 Qd7 $14) 16... bxc6 17. Nxc6 Qd6 {[#]} 18. Rae1 $146 ({Predecessor:} 18. d5 exd5 19. Qxd5 Bf6 20. Qxd6 cxd6 {½-½ (47) Svenn,G (2422)-Webb,S (2415) Sweden 2001}) 18... Bf6 {[#]} 19. Rxe6 $1 {[%mdl 512]} Qd7 (19... fxe6 20. Rxe6) 20. R6e2 a5 21. b3 h5 22. h4 Rfe8 (22... g6 $142 23. Ne5 Bxe5) 23. Rxe8+ Rxe8 24. Rxe8+ Qxe8 25. Qd5 Qe1+ 26. Kg2 {White is clearly winning.} g6 27. b4 axb4 28. a5 {Black must now prevent a6.} Qa1 29. Nxb4 Qxd4 30. Qxd4 Bxd4 31. Nd5 {Accuracy: White = 100%, Black = 15%.} 1-0

[Event "CZE-tht Extraliga 2018-19"]
[Site "Czech Republic"]
[Date "2018.12.01"]
[Round "3"]
[White "Babula, Vlastimil"]
[Black "Rehorek, Martin"]
[Result "1/2-1/2"]
[WhiteElo "2522"]
[BlackElo "2283"]
[Annotator "TA"]
[PlyCount "81"]
[EventDate "2018.11.03"]
[EventType "team-tourn"]
[EventCountry "CZE"]
[SourceTitle "playchess.com"]
[Source "ChessBase"]
[SourceQuality "1"]
[WhiteTeam "Novoborsky"]
[BlackTeam "Siesta B"]

{[%evp 11,81,18,25,9,16,8,7,-5,0,8,8,10,8,7,4,0,0,-8,-9,-20,-20,-17,-7,-44,-22,-19,-26,-38,0,0,0,0,0,-32,43,47,119,36,124,34,104,101,108,119,115,116,129,124,113,106,184,151,156,175,161,7,0,0,0,0,0,0,0,0,0,0,0,0,0,0,0,0]} 1. d4 Nf6 2. c4 e6 3. Nc3 Bb4 4. e3 c5 5. Nge2 d6 6. a3 Ba5 {LiveBook: 55 Games} 7. Bd2 {E42: Nimzo-Indian: Rubinstein: 4...c5 5 Ne2} (7. Rb1 Nc6 8. d5 exd5 9. cxd5 Ne5 10. Ng3 O-O 11. Be2 Re8 12. O-O Ng6 13. b4 cxb4 14. axb4 Bb6 15. Na4 {1-0 (60) Milanovic,D (2502)-Kovalenko,I (2684) chess.com INT 2017}) 7... O-O 8. dxc5 dxc5 9. Qc2 Nc6 10. Ng3 b6 $146 ({Predecessor:} 10... Ne5 11. Be2 Bd7 12. f4 Ng6 13. Bf3 Qc7 14. O-O-O Rad8 {½-½ (39) Ghitescu,T-Huebner,R Buesum 1969}) 11. Rd1 Qe7 12. Bd3 Bb7 13. O-O Rad8 14. f4 Rd7 15. Bc1 Bxc3 16. Qxc3 Rfd8 17. b3 Ng4 18. h3 Qh4 19. Ne2 (19. Bb2 $2 Nce5 $19) 19... Nh6 (19... Nf6 {with more complications.} 20. Bb2 Ne7 21. Qc2 Ne8 22. Kh2 Nd6) 20. Bb2 $40 {[%csl Gb2][%cal Rc3g7][%mdl 128] White has some attack.} f6 21. Qc2 Nf7 22. Kh2 Qh6 (22... Ne7 $15) 23. Ng3 $14 Qh4 ({Black should try} 23... Nd6 $14) 24. Qe2 (24. Be2 $1 $16 {Threatens to win with Rxd7.} Ne7 25. Bg4) 24... f5 {[#]} (24... Nh6 $14) 25. e4 (25. Bxf5 $1 $16 {[%mdl 512]} Rxd1 (25... exf5 26. Nxf5) 26. Rxd1 Rxd1 27. Bxe6) 25... fxe4 ({Better is} 25... Qe7 $1 $14) 26. Bxe4 $16 {aiming for Rxd7.} Rxd1 27. Rxd1 Qxf4 28. Rf1 Qc7 29. Qh5 Nh6 30. Bc1 Nd4 (30... Nf5 $16 {keeps fighting.} 31. Bf4 Qf7) 31. Bf4 $18 Qd7 32. Bxh6 gxh6 33. Rf4 $2 ({But not} 33. Qxh6 $6 Bxe4 34. Nxe4 Qg7 $14) (33. Bb1 $18) 33... Bxe4 $11 {The position is equal.} 34. Nxe4 {Threatening mate with Nf6+.} Qc7 $1 {[%cal Rc7f4]} 35. Qxh6 Ne2 $1 {[%cal Re2f4]} 36. Qg5+ Kh8 37. Qf6+ {[%mdl 64] Double Attack} Kg8 38. Qg5+ Kh8 39. Qf6+ {[%mdl 64] Double Attack} Kg8 40. Qxe6+ Kh8 41. Qf6+ {Accuracy: White = 45%, Black = 52%.} 1/2-1/2

[Event "CZE-tht Extraliga 2018-19"]
[Site "Czech Republic"]
[Date "2018.12.01"]
[Round "3"]
[White "Jakubowski, Krzysztof"]
[Black "Dragnev, Valentin"]
[Result "0-1"]
[WhiteElo "2522"]
[BlackElo "2483"]
[Annotator "TA"]
[PlyCount "78"]
[EventDate "2018.11.03"]
[EventType "team-tourn"]
[EventCountry "CZE"]
[SourceTitle "playchess.com"]
[Source "ChessBase"]
[SourceQuality "1"]
[WhiteTeam "Poruba"]
[BlackTeam "Duras"]

{[%evp 24,78,26,10,23,14,22,10,18,10,17,0,0,-90,-87,-87,-87,-87,-87,-87,-87,-94,-89,-76,-49,-91,-72,-64,0,-98,-103,-203,-200,-179,-16,-20,-30,-27,0,-120,-108,-108,-108,-353,-352,-343,-322,-331,-318,-288,-253,-805,-804,-766,-756,-750,-735]} 1. Nf3 d5 2. c4 e6 3. e3 Nf6 4. Nc3 c5 5. d4 Nc6 6. a3 dxc4 7. Bxc4 a6 8. O-O b5 9. Ba2 Bb7 10. Qe2 Be7 {D40: Queen's Gambit Declined: Semi-Tarrasch with 5 e3} (10... cxd4 11. Rd1 b4 12. exd4 bxc3 13. d5 Nxd5 14. Bxd5 Nd4 15. Rxd4 Bxd5 16. bxc3 Bc5 17. Rg4 Qf6 18. Ne5 {½-½ (47) Gelfand,B (2703)-Leko,P (2690) Batumi 2018}) 11. Rd1 Qc7 12. dxc5 Bxc5 13. b4 {LiveBook: 4 Games} Bd6 14. Bb2 Rd8 $146 ({Predecessor:} 14... O-O 15. Rac1 Rac8 {1-0 (46) Sanikidze,T (2516)-Yagubi,A (2434) Rustavi 2014}) 15. Rac1 Qb8 16. h3 O-O 17. Ng5 Ne5 18. Rd4 (18. Bb1 $11) 18... h6 $17 19. Nge4 Nxe4 20. Nxe4 Bxe4 21. Rxe4 {[#]} Nd3 $1 22. Rf1 {White wants to play Bd4.} Nxb2 23. Qxb2 Rfe8 24. Rc1 Rc8 25. Rd1 Rcd8 {White must now prevent ...Bh2+.} 26. Rc1 Rd7 27. Qb3 (27. Bb3 $17) 27... Bh2+ $19 28. Kf1 {[#]} Red8 $2 (28... Be5 $1 $19 {And now ...Red8 would win.} 29. Rd1 Rxd1+ 30. Qxd1 Rd8) 29. Rd4 $1 $11 Rxd4 30. exd4 Rxd4 31. Qc2 (31. g3 $1 $11 {keeps the balance.}) 31... Qd6 $36 {[%mdl 2048] ...Rd2 is the strong threat. White is under strong pressure.} 32. Bb3 Rd2 33. Qe4 $2 {[#]} (33. Rd1 $17 {was necessary.} Rxc2 34. Rxd6 Rxf2+ 35. Kxf2 Bxd6 36. Bc2) 33... Rxf2+ $1 $19 {[%mdl 576] Decoy, Clearance} 34. Kxf2 Qd2+ {[%mdl 64] Double Attack} 35. Kf3 {White threatens Rc8+ and mate.} Qxc1 36. Ke2 Qxa3 37. Bxe6 $2 (37. Qa8+ Kh7 38. Bc2+ f5 39. Qf3) 37... Qb2+ {[%mdl 64] Zwischenzug. Black is clearly winning.} 38. Kd1 fxe6 39. Qxe6+ Kh7 {Accuracy: White = 47%, Black = 67%.} 0-1

[Event "CZE-tht Extraliga 2018-19"]
[Site "Czech Republic"]
[Date "2018.12.01"]
[Round "3"]
[White "Antoniewski, Rafal"]
[Black "Cyborowski, Lukasz"]
[Result "1/2-1/2"]
[WhiteElo "2517"]
[BlackElo "2524"]
[Annotator "TA"]
[PlyCount "50"]
[EventDate "2018.11.03"]
[EventType "team-tourn"]
[EventCountry "CZE"]
[SourceTitle "playchess.com"]
[Source "ChessBase"]
[SourceQuality "1"]
[WhiteTeam "Beskydska"]
[BlackTeam "Turnov"]

{[%evp 17,50,22,20,12,20,12,22,18,19,20,24,22,20,8,17,0,0,21,0,0,0,0,0,0,0,0,0,0,0,0,0,0,0,0,11]} 1. e4 e5 2. Nf3 Nf6 3. Nxe5 d6 4. Nf3 Nxe4 5. Nc3 Nxc3 6. dxc3 Be7 7. Be3 O-O 8. Qd2 {C42: Petroff Defence: 3 Nxe5 and unusual White 3rd moves} Re8 (8... Nd7 9. O-O-O c6 10. h4 d5 11. Kb1 Re8 12. Bd3 Bc5 13. Rde1 Bxe3 14. Rxe3 Rxe3 15. Qxe3 Nf6 {½-½ (28) Aronian,L (2780)-Caruana,F (2827) Batumi 2018}) 9. O-O-O Nd7 {LiveBook: 14 Games} 10. Bd3 Nf6 11. Rhe1 Bd7 12. h3 c5 13. Bg5 h6 14. Bxf6 Bxf6 {The position is equal.} 15. Be4 $146 ({Predecessor:} 15. Rxe8+ Qxe8 {½-½ (23) Jasinski,M (2415)-Triay Moll,L (2360) ICCF email 2017}) 15... Bc6 16. Bxc6 {[%mdl 64] [#] Discovered Attack} Rxe1 17. Nxe1 bxc6 18. Qxd6 Qb6 $1 19. Nd3 Rd8 20. Qg3 $36 {[%mdl 2048] White has some pressure.} c4 21. Ne5 Rxd1+ 22. Kxd1 Bxe5 23. Qxe5 {Black must now prevent Qe8+.} Qxf2 24. Qe4 Qf1+ 25. Kd2 $1 Qf2+ {Accuracy: White = 93%, Black = 80%.} 1/2-1/2

[Event "CZE-tht Extraliga 2018-19"]
[Site "Czech Republic"]
[Date "2018.12.01"]
[Round "3"]
[White "Ftacnik, Lubomir"]
[Black "Zhigalko, Andrey"]
[Result "0-1"]
[WhiteElo "2512"]
[BlackElo "2545"]
[Annotator "TA"]
[PlyCount "84"]
[EventDate "2018.11.03"]
[EventType "team-tourn"]
[EventCountry "CZE"]
[SourceTitle "playchess.com"]
[Source "ChessBase"]
[SourceQuality "1"]
[WhiteTeam "Turnov"]
[BlackTeam "Beskydska"]

{[%evp 13,84,4,8,16,22,-25,-30,-21,0,-20,-28,-25,-11,-24,0,0,0,0,0,0,0,-20,-14,-22,0,0,0,0,0,0,0,-29,-31,-24,-22,-88,-86,-72,-65,-180,-182,-180,-181,-190,-175,-229,-203,-203,-203,-201,-201,-202,-201,-245,-275,-234,-82,-272,-272,-1041,-844,-1699,-1668,-1507,-1502,-1368,-1163,-6091,-6079,-29976,-29979,-29979,-29981]} 1. Nf3 c5 2. c4 g6 3. d4 cxd4 4. Nxd4 Nf6 5. Nc3 d5 6. Bg5 Bg7 {A31: Symmetrical English: 2 Nf3 Nf6 3 d4} 7. e3 Ne4 {LiveBook: 3 Games} (7... dxc4 8. Bxc4 O-O 9. O-O a6 10. Be2 Nbd7 11. Rc1 e5 12. Nb3 h6 13. Bh4 b5 {0-1 (43) Ponomariov,R (2756)-Nepomniachtchi,I (2717) Riga 2013}) 8. Nxe4 dxe4 {The position is equal.} 9. Qd2 h6 $146 ({Predecessor:} 9... f5 10. O-O-O Qb6 11. Be2 Nd7 12. f4 a5 13. g4 fxg4 14. Bxg4 {0-1 (47) Sohal,T (2334)-Antal,G (2545) Windsor 2016}) 10. Bh4 O-O 11. Rd1 Bg4 12. f3 exf3 13. gxf3 Bh5 14. Be2 Qd7 15. O-O g5 16. Bg3 Nc6 17. Nxc6 Qxc6 18. b3 Rfd8 19. Qxd8+ Rxd8 20. Rxd8+ Kh7 21. Bd3+ (21. Kf2 {is more complex.} Qa6 22. h4 Qxa2 23. hxg5 hxg5 24. Rh1) 21... Bg6 22. Bxg6+ Kxg6 23. Kf2 f5 24. Rfd1 (24. Rd5 $11) 24... Bf6 $1 $17 {[%mdl 1024] Black has strong compensation.} 25. h3 h5 26. R1d5 (26. Rg8+ $15 Kf7 27. Rgd8) 26... Qa6 $19 27. Rd2 Qb6 $1 {Strongly threatening ...f4.} 28. Ke2 Qe6 29. Bb8 (29. R8d3 $142) 29... a6 30. Kf2 {[#]} g4 $1 ({Inferior is} 30... f4 31. exf4 Qxh3 32. fxg5 $11) 31. hxg4 fxg4 32. fxg4 hxg4 {[%cal Bh5g4,Bg4g3][%mdl 32]} 33. Bf4 Qe4 {And now ...e5 would win.} 34. Rg8+ {[#]} Kf5 $2 (34... Kf7 $1 $19 {[%cal Rf7g8] is more deadly.} 35. Rxg4 e5) 35. Rd5+ $2 (35. Kg1 $17 {is a better defense.}) 35... e5 36. Bxe5 $2 (36. Rf8 Ke6 37. Bxe5 Qf3+ 38. Kg1 Qxe3+ {[%mdl 64] Double Attack} 39. Kf1 Qc1+ 40. Kg2 Qc2+ {[%mdl 64] Double Attack} 41. Kf1 Qb1+ 42. Ke2 Qe4+ 43. Kf2 Bh4+ 44. Kg1 Qe3+ 45. Kh1 Qh3+ 46. Bh2) 36... Bxe5 37. Re8 g3+ 38. Ke2 Qc2+ 39. Rd2 Qb1 40. Rd5 Qxa2+ 41. Ke1 Qf2+ 42. Kd1 Qxe3 {Accuracy: White = 31%, Black = 77%.} 0-1

[Event "CZE-tht Extraliga 2018-19"]
[Site "Czech Republic"]
[Date "2018.12.01"]
[Round "3"]
[White "Pakleza, Zbigniew"]
[Black "Obsivac, Josef"]
[Result "1-0"]
[WhiteElo "2506"]
[BlackElo "2271"]
[Annotator "TA"]
[PlyCount "94"]
[EventDate "2018.11.03"]
[EventType "team-tourn"]
[EventCountry "CZE"]
[SourceTitle "playchess.com"]
[Source "ChessBase"]
[SourceQuality "1"]
[WhiteTeam "Ostrava"]
[BlackTeam "Brno"]

{[%evp 18,94,34,37,33,20,25,35,35,33,48,42,85,55,100,36,44,12,27,32,21,0,0,0,1,0,49,28,35,0,17,-32,-35,-29,0,0,17,6,40,46,38,-25,14,12,9,8,8,5,16,8,5,12,33,37,39,39,30,10,44,44,65,61,68,64,62,64,108,106,508,498,757,412,412,412,412,383,322,322,314]} 1. d4 d5 2. Bf4 Nf6 3. e3 c5 4. c3 Qb6 5. Qb3 Nc6 6. Nd2 g6 7. h3 Bg7 8. Ngf3 O-O 9. Be2 c4 {A48: 1 d4 Nf6 2 Nf3 g6: Torre, London and Colle Systems} 10. Qa3 {LiveBook: 6 Games} (10. Qc2 Bf5 11. Qc1 Qa5 12. O-O b5 13. a3 Qb6 14. Bd1 a5 15. Bc2 b4 16. Re1 Bxc2 17. Qxc2 {½-½ (54) Grachev,B (2640)-Kramnik,V (2788) Moscow 2008}) 10... Bf5 11. g4 $146 ({Predecessor:} 11. b3 cxb3 12. axb3 Nd7 13. g4 Be4 14. Nxe4 dxe4 15. Nd2 e5 {1-0 (73) Kolev,A (2568)-Laylo,D (2496) Las Vegas 2008}) 11... Be6 {The position is equal.} 12. b3 cxb3 13. axb3 a5 14. b4 Rfe8 15. b5 Nd8 16. Qb3 ({White should try} 16. Rb1 $16) 16... Ne4 $14 17. Ng5 Nxg5 (17... Nxd2 {feels hotter.} 18. Kxd2 h6 19. Nf3 f6 20. Bg3 Bf7) 18. Bxg5 f6 19. Bf4 Bf7 $1 20. Bg3 e5 21. O-O Qe6 (21... Ne6 $5 {[%cal Re5d4]}) 22. Rfe1 Qd7 23. Qa4 b6 24. Bf3 Rc8 25. Rac1 Ne6 {[%cal Bd8e6,Be6f8,Bf8d7,Bd7c5][%mdl 32]} 26. Bg2 Nf8 27. Red1 h5 28. dxe5 fxe5 29. Nf3 (29. c4 $14) 29... Rc4 {[#]} 30. Qxc4 $1 {[%mdl 512]} dxc4 31. Rxd7 Nxd7 32. Ng5 {Black should prevent Rd1.} Nc5 $1 33. Nxf7 Kxf7 34. Bd5+ Kf8 35. gxh5 gxh5 36. Bxc4 Ne4 37. Bh4 {And now Rd1 would win.} Rc8 (37... Bf6 $5 {[%cal Rf6h4]} 38. Bd5 Bxh4 39. Bxe4 Ke7 $11) 38. Be6 Rxc3 39. Rd1 {[%cal Rd1d8]} Bf6 40. Bxf6 Nxf6 {[%mdl 4096] Endgame KRB-KRN} 41. Rd6 Ne4 42. Rxb6 h4 $2 {[%mdl 8192]} (42... Ke7 $16) 43. Bd5 $18 Nd2 (43... Ng5 $142 44. Ra6 Rc5) 44. Ra6 Rc5 45. b6 {[%cal Bb5b6,Bb6b7][%mdl 32]} Rxd5 {[#]} 46. b7 $1 {[%cal Rb7b8]} Rb5 47. Ra8+ Ke7 {Accuracy: White = 58%, Black = 34%.} 1-0

[Event "CZE-tht Extraliga 2018-19"]
[Site "Czech Republic"]
[Date "2018.12.01"]
[Round "3"]
[White "Stohl, Igor"]
[Black "Biolek, Richard Jr."]
[Result "1/2-1/2"]
[WhiteElo "2488"]
[BlackElo "2447"]
[Annotator "TA"]
[PlyCount "34"]
[EventDate "2018.11.03"]
[EventType "team-tourn"]
[EventCountry "CZE"]
[SourceTitle "playchess.com"]
[Source "ChessBase"]
[SourceQuality "1"]
[WhiteTeam "Brno"]
[BlackTeam "Ostrava"]

{[%evp 20,34,62,60,68,55,85,71,81,80,114,66,71,41,42,7,10]} 1. c4 c5 2. Nf3 {[%cal Bg1f3,Bf3d4,Bd4b3][%mdl 32]} Nf6 3. Nc3 g6 4. e4 d6 5. d4 cxd4 6. Nxd4 Bg7 7. Be2 O-O 8. O-O Nc6 9. Be3 Bd7 10. Qd2 Qa5 {B38: Sicilian: Maroczy Bind with 5...Bg7 and 7...0-0} (10... Nxd4 11. Bxd4 Bc6 12. f3 a5 13. b3 Nd7 14. Be3 Nc5 15. Rab1 Qb6 16. Rfc1 Rfc8 17. Bf1 Qb4 18. Qb2 Qb6 19. Kh1 Qd8 20. Qd2 e6 21. Bg5 Qf8 22. Rd1 h6 23. Be3 Rd8 24. a3 Nd7 25. b4 axb4 26. axb4 {0-1 (41) Wang,H (2690)-Bu,X (2713) China 2017}) 11. Nb3 {LiveBook: 8 Games} Qc7 12. Nd5 $146 ({Predecessor:} 12. Rac1 Rfc8 13. Rfd1 b6 14. Bg5 Qd8 15. f4 Be6 16. Qe3 Qf8 17. Nb5 h5 18. N5d4 {½-½ (32) Cramling,D (2360)-Andersson,B (2287) Sweden 2013}) 12... Qb8 {White is slightly better.} 13. f3 Rc8 14. Rac1 Be6 15. Rc2 b6 16. Bg5 Qb7 17. Rfc1 a5 1/2-1/2

[Event "CZE-tht Extraliga 2018-19"]
[Site "Czech Republic"]
[Date "2018.12.01"]
[Round "3"]
[White "Kociscak, Jiri"]
[Black "Tazbir, Marcin"]
[Result "1-0"]
[WhiteElo "2484"]
[BlackElo "2532"]
[Annotator "TA"]
[PlyCount "71"]
[EventDate "2018.11.03"]
[EventType "team-tourn"]
[EventCountry "CZE"]
[SourceTitle "playchess.com"]
[Source "ChessBase"]
[SourceQuality "1"]
[WhiteTeam "Ostrava"]
[BlackTeam "Brno"]

{[%evp 29,71,33,46,-10,-7,-3,0,0,0,0,0,0,0,-4,0,0,0,0,0,-8,40,-26,0,0,0,0,0,0,0,0,0,0,80,88,428,393,573,573,539,539,532,-451,532,532]} 1. d4 Nf6 2. c4 g6 3. Nf3 Bg7 4. g3 O-O 5. Bg2 c5 6. d5 e6 7. Nc3 exd5 8. cxd5 d6 9. O-O Re8 10. Nd2 {[%cal Bf3d2,Bd2c4,Bc4a3,Ba3b5][%mdl 32]} a6 11. a4 Nbd7 12. h3 Rb8 13. Nc4 Ne5 14. Na3 {A64: Modern Benoni: Fianchetto Variation: 9...Nbd7 10 Nd2 a6 11 a4 Re8} Qc7 (14... Nh5 15. e4 Bd7 16. g4 Nf6 17. g5 Nh5 18. f4 b5 19. fxe5 b4 20. Nc4 bxc3 21. bxc3 Bxe5 22. Qf3 f5 23. gxf6 Qxf6 24. Nxe5 Qxe5 {0-1 (60) So,W (2812)-Nakamura,H (2785) Stavanger 2017}) 15. f4 Ned7 {LiveBook: 6 Games} 16. Qd3 (16. e4 $14) 16... b5 $11 17. axb5 axb5 18. Naxb5 Qb6 19. Qf3 c4+ 20. Qf2 {And now e4 would win.} Nc5 21. Na7 $146 ({Predecessor:} 21. Nd4) 21... Ra8 22. Nxc8 Raxc8 23. f5 Qb7 24. Kh2 Rc7 25. Bf4 (25. Ra5 $14) 25... Nce4 26. Nxe4 Nxe4 27. Bxe4 Rxe4 28. f6 Bf8 29. Qf3 Qxd5 30. Rfd1 $36 {[%mdl 2048] White has the initiative.} Qe6 {[#]} (30... Qb7 $11 {remains equal.}) 31. Ra8 $1 $16 {Threatens to win with Rxd6.} Rxe2+ $2 {[%mdl 8192]} (31... Rxf4 $16 32. gxf4 Qxf6) 32. Kg1 $18 {Hoping for Rxd6.} Re1+ (32... Re5 $142 33. Bxe5 Qxe5) 33. Rxe1 Qxe1+ 34. Kg2 {Threatening mate with Rxf8+!} Qe6 {[#] With the idea ...Rc8.} 35. Rxf8+ $1 {[%mdl 576] Remove Defender, Decoy} Kxf8 {[#]} 36. Bxd6+ $1 {[%mdl 576] Double Attack. Accuracy: White = 72%, Black = 53%.} 1-0

[Event "CZE-tht Extraliga 2018-19"]
[Site "Czech Republic"]
[Date "2018.12.01"]
[Round "3"]
[White "Simacek, Pavel"]
[Black "Zwardon, Vojtech"]
[Result "1-0"]
[WhiteElo "2478"]
[BlackElo "2462"]
[Annotator "TA"]
[PlyCount "113"]
[EventDate "2018.11.03"]
[EventType "team-tourn"]
[EventCountry "CZE"]
[SourceTitle "playchess.com"]
[Source "ChessBase"]
[SourceQuality "1"]
[WhiteTeam "Turnov"]
[BlackTeam "Beskydska"]

{[%evp 19,113,15,20,10,11,6,41,45,30,41,27,37,35,34,37,33,58,59,57,60,68,71,66,44,45,45,47,46,54,27,20,16,23,30,27,35,37,23,20,18,16,0,0,0,15,15,21,21,18,16,11,0,2,0,47,44,54,47,273,235,8,0,0,0,0,0,0,0,8,0,2,0,0,0,0,0,0,0,0,0,0,0,0,0,0,0,0,0,0,0,0,0,8,84,29955,29940]} 1. e4 c5 2. Nf3 Nc6 3. d4 cxd4 4. Nxd4 g6 5. Nc3 Bg7 6. Be3 Nf6 7. Bc4 O-O 8. Bb3 Re8 {B35: Sicilian: Accelerated Dragon with 5 Nc3: main line} 9. Nxc6 (9. f3 d5 10. exd5 Nb4 11. Nde2 e6 12. Bd4 exd5 13. Qd2 Nc6 14. O-O-O Nxd4 15. Nxd4 Bd7 16. g4 {1-0 (33) Navara,D (2740)-Gelfand,B (2703) Batumi 2018}) 9... dxc6 10. Qxd8 Rxd8 {LiveBook: 14 Games. The position is equal.} 11. a4 Ng4 12. Bg5 $146 ({Predecessor:} 12. Bf4 b6 13. a5 b5 14. f3 Ne5 15. Kf2 Be6 16. Bxe6 fxe6 {½-½ (53) Szostko,J (2234)-Kanarek,M (2526) Bialystok 2016}) 12... h6 13. Bxe7 Bxc3+ 14. bxc3 Re8 15. Ba3 Rxe4+ 16. Kf1 Re8 17. f3 Ne3+ 18. Kf2 {Threatens to win with Rhe1.} Bf5 19. Bc1 $1 {[%cal Rc1e3]} Nd5 $1 ({But not} 19... Bxc2 $2 20. Bxc2 Nxc2 21. Ra2 $18) 20. Bxh6 Nxc3 21. Rae1 (21. Rhe1 {feels hotter.} Rxe1 22. Rxe1 Nd5 23. g4 Be6 24. Bc4) 21... Be6 22. Bxe6 Rxe6 23. Rxe6 fxe6 $14 {[%mdl 4096] Endgame KRB-KRN} 24. a5 Rd8 25. Ra1 Rd4 26. Be3 Rc4 27. Bxa7 Nb5 28. Bb6 Rxc2+ 29. Kg3 Nc3 30. Kh3 Kf7 31. Bd4 Nb5 32. Be5 Rc5 33. f4 g5 34. g3 Kg6 35. Kg4 gxf4 36. gxf4 Rc2 37. h4 {[%cal Bh2h4,Bh4h5][%mdl 32] Hoping for Rd1.} Rd2 $1 38. Rg1 Nd4 $2 {[#]} (38... Kh6 $1 $14) 39. h5+ $1 $18 Kh6 $2 (39... Kh7 $18 40. Rb1 Nb5) 40. Bxd4 Rxd4 $11 {KR-KR} 41. Re1 Rd6 42. Re5 Kg7 43. Rg5+ Kh7 44. Re5 Kg7 45. Kg5 Kf7 $1 46. f5 exf5 47. Rxf5+ Kg7 48. Re5 Rd7 49. Rf5 Rc7 50. Kf4 c5 {[%cal Bc6c5,Bc5c4,Bc4c3][%mdl 32]} 51. Ke3 c4 52. Kd2 c3+ 53. Kc2 Kh6 54. Rb5 Rc4 $1 55. Rxb7 {aiming for a6.} Kxh5 56. Rb3 (56. Rb1 $11 Ra4 57. Rb5+ (57. Kxc3 Rxa5 58. Kb4 Rg5 $11) 57... Kg6 58. Kxc3) 56... Rc5 $2 {[%mdl 8192] [#]} (56... Ra4 $16) 57. Ra3 $1 {Accuracy: White = 62%, Black = 71%.} 1-0

[Event "CZE-tht Extraliga 2018-19"]
[Site "Czech Republic"]
[Date "2018.12.01"]
[Round "3"]
[White "Petr, Martin"]
[Black "Gibiec, Ernest"]
[Result "1-0"]
[WhiteElo "2448"]
[BlackElo "2111"]
[Annotator "TA"]
[PlyCount "49"]
[EventDate "2018.11.03"]
[EventType "team-tourn"]
[EventCountry "CZE"]
[SourceTitle "playchess.com"]
[Source "ChessBase"]
[SourceQuality "1"]
[WhiteTeam "Pardubice"]
[BlackTeam "Cesky Tesin"]

{[%evp 10,49,0,4,26,0,9,8,66,71,64,59,107,80,80,23,68,-7,40,32,78,70,86,65,423,428,457,457,511,495,506,490,499,500,482,483,444,450,1863,1818,1603,1602]} 1. e4 d6 2. f4 g6 3. Nf3 Bg7 4. Be2 Nf6 5. d3 O-O 6. O-O {LiveBook: 12 Games. B07: Pirc Defence: Miscellaneous Systems} e5 (6... c5 7. Qe1 Nc6 8. Qh4 Bg4 9. Kh1 e6 10. Nbd2 Rc8 11. c3 b5 12. h3 Nxe4 13. Qxd8 {1-0 (43) Stevic,H (2599)-Tadic,B (2524) Bihac 2010}) 7. Nc3 c6 8. Kh1 {The position is equal.} Qc7 $146 (8... Nh5 $11) ({Predecessor:} 8... Nbd7 9. a4 a5 10. Qe1 exf4 11. Bxf4 d5 12. Qd2 Re8 13. Bh6 dxe4 14. dxe4 {1-0 (50) Boersma,J (2073)-Rietman,F (2276) Groningen 2013}) 9. Qe1 $14 Bg4 10. Qh4 Nbd7 11. f5 d5 12. Bh6 ({White should try} 12. h3 $16 Bxf3 13. Bxf3) 12... Bxf3 13. Rxf3 (13. Bxf3 $14 Bxh6 14. Qxh6) 13... d4 14. Nd1 Nh5 15. Bxg7 Kxg7 {[#]} 16. Rh3 $1 $36 {[%mdl 2048] White is more active.} Ndf6 $2 {[%mdl 8192]} ({Better is} 16... Nf4 $14) 17. Bxh5 $18 {[%mdl 64] Overworked Piece. White is clearly winning.} (17. g4 Nf4 $15) 17... Nxh5 18. g4 {[%cal Bg2g4,Bg4g5][%mdl 32]} Nf6 19. Qh6+ ({Stronger than} 19. fxg6 fxg6 20. Nf2 Kg8 $11) 19... Kh8 20. Nf2 {[%cal Bd1f2,Bf2g4,Bg4f6][%mdl 32]} Rg8 21. g5 Nh5 22. Ng4 Rg7 23. Nf6 Qb6 (23... Qd8 $142 24. Nxh5 gxh5 25. Rxh5 (25. f6 Rg6 $18) 25... f6 26. gxf6 Rf7) 24. Nxh5 gxh5 25. Qxh5 {Accuracy: White = 67%, Black = 23%.} ({Not} 25. f6 Rg6 $18) 1-0